000 00548nam a22001697a 4500
003 UA-OsUOA
001 18844
007 ta
008 20040614b un ||||| |||| 00| 0 ukr d
942 _cSA
040 _aUA-OsUOA
_cUA-OsUOA
_dUA-OsUOA
245 _aШкола відзначила ювілей
_b[Степан. школі-колегіуму Сарнен. р-ну - 190 р.]
300 _aС.1
955 _a0
773 0 _w0
_tВісті Рівненщини
_dРівне
_d2004
_g№51/2 черв./
650 7 _aКраєзнавча робота
_2UDC
999 _c305015
_d305015